000 00263nam a22001217a 4500
008 171124b xxu||||| |||| 00| 0 eng d
041 _aeng
080 _a658
100 _a54
101 _aLID
245 _aA PASSION FOR EXELLENCE
_cTOM.P
942 _2udc
_cBK
999 _c38467
_d38467